Doce calas en la historia de la prensa española especializada / (Record no. 73418)
[ view plain ]
| 000 -LEADER | |
|---|---|
| campo de control de longitud fija | 01038nam a2200277 i 4500 |
| 001 - NÚMERO DE CONTROL | |
| campo de control | 73418 |
| 003 - IDENTIFICADOR DE NÚMERO DE CONTROL | |
| campo de control | ES-MaACL |
| 005 - FECHA Y HORA DE LA ÚLTIMA TRANSACCIÓN | |
| campo de control | 20250825073457.0 |
| 007 - CAMPO FIJO DE DESCRIPCIÓN FÍSICA--INFORMACIÓN GENERAL | |
| campo de control de longitud fija | t| |
| 008 - DATOS DE LONGITUD FIJA--INFORMACIÓN GENERAL | |
| campo de control de longitud fija | 041011s2004 sp |||| | spa d |
| 020 ## - NÚMERO INTERNACIONAL ESTÁNDAR DEL LIBRO | |
| Número Internacional Estándar del Libro | 84-609-0852-6 |
| 080 ## - NÚMERO DE LA CLASIFICACIÓN DECIMAL UNIVERSAL | |
| Número de la Clasificación Decimal Universal | 070.43/.44(460) |
| 245 00 - MENCIÓN DEL TÍTULO | |
| Título | Doce calas en la historia de la prensa española especializada / |
| Mención de responsabilidad, etc. | Juan José Fernández Sanz (coordinador). |
| 260 ## - PUBLICACIÓN, DISTRIBUCIÓN, ETC. | |
| Lugar de publicación, distribución, etc. | Guadalajara : |
| Nombre del editor, distribuidor, etc. | Editores del Henares, |
| Fecha de publicación, distribución, etc. | 2004. |
| 300 ## - DESCRIPCIÓN FÍSICA | |
| Extensión | 367 p. ; |
| Dimensiones | 24 cm. |
| 490 1# - MENCIÓN DE SERIE | |
| Mención de serie | El Atalaya ; |
| Designación de volumen o secuencia | 3 |
| 504 ## - NOTA DE BIBLIOGRAFÍA, ETC. | |
| Nota de bibliografía, etc. | Incluye referencias bibliográficas. |
| 594 ## - Nota al título y mención de responsabilidad | |
| Nota al título y mención de responsabilidad | En port.: Asociación de la Prensa de Guadalajara. |
| 594 ## - Nota al título y mención de responsabilidad | |
| Nota al título y mención de responsabilidad | En cub.: II Congreso Prensa y Periodismo Especializado (historia y realidad actual) |
| 650 14 - PUNTO DE ACCESO ADICIONAL DE MATERIA--TÉRMINO DE MATERIA | |
| Término de materia o nombre geográfico como elemento de entrada | Periodismo especializado- |
| Subdivisión geográfica | España. |
| 9 (RLIN) | 15959 |
| 700 1# - ENTRADA AGREGADA--NOMBRE PERSONAL | |
| Nombre de persona | Fernández Sanz, Juan José. |
| 9 (RLIN) | 50081 |
| 711 2# - ENTRADA AGREGADA--NOMBRE DE REUNIÓN | |
| Nombre de congreso/reunión o jurisdicción como elemento de entrada | Congreso Prensa y Periodismo Especializado |
| Número del congreso/reunión o número de parte o sección | (2º. |
| Fecha del congreso o de la firma del tratado | 2004. |
| Sede del congreso/Lugar de la reunión | Guadalajara) |
| 9 (RLIN) | 572 |
| 830 0# - PUNTO DE ACCESO ADICIONAL DE SERIE-TÍTULO UNIFORME | |
| Título uniforme | El Atalaya ; |
| Designación de volumen o secuencia | 3 |
| 9 (RLIN) | 183407 |
| 852 ## - LOCALIZACIÓN | |
| Ubicación | ES-MaACL |
| Número de control de estantería | L-28177 |
| Estatus retirado | Estado de pérdida | Estado de daño | No para préstamo | Biblioteca de origen | Biblioteca actual | Ubicación en estantería | Fecha de adquisición | Fuente de adquisición | Total de préstamos | Signatura topográfica completa | Código de barras | Visto por última vez | Precio de reemplazo | Tipo de ítem Koha |
|---|---|---|---|---|---|---|---|---|---|---|---|---|---|---|
| Biblioteca del Ateneo de Madrid | Biblioteca del Ateneo de Madrid | Depósito 2 | 17/01/2008 | L-28177 | 1076849 | 23/02/2023 | 23/02/2023 | Libro impreso |
